ARRUPE JESUIT UNIVERSITY

CORONAVIRUS -STOP THE SPREAD - CLEAN,DISINFECT,COVER

Adventures in Mashonaland, (Record no. 120292)

MARC details
000 -LEADER
fixed length control field 00971cam a22002651 4500
001 - CONTROL NUMBER
control field 7307902
003 - CONTROL NUMBER IDENTIFIER
control field ARRUPE
005 - DATE AND TIME OF LATEST TRANSACTION
control field 20140326170110.0
008 - FIXED-LENGTH DATA ELEMENTS--GENERAL INFORMATION
fixed length control field 771219s1893 enkb 000 0 eng
010 ## - LIBRARY OF CONGRESS CONTROL NUMBER
LC control number 17009529
035 ## - SYSTEM CONTROL NUMBER
System control number (OCoLC)3502402
040 ## - CATALOGING SOURCE
Original cataloging agency DLC
Transcribing agency OC
Modifying agency NN
-- DLC
043 ## - GEOGRAPHIC AREA CODE
Geographic area code f-rh---
050 00 - LIBRARY OF CONGRESS CALL NUMBER
Classification number DT964.M3
Item number B6 1893
300 ## - PHYSICAL DESCRIPTION
Other physical details front. (map)
Dimensions 20 cm.
100 1# - MAIN ENTRY--PERSONAL NAME
Personal name Blennerhassett, Rose.
9 (RLIN) 9471
245 10 - TITLE STATEMENT
Title Adventures in Mashonaland,
Statement of responsibility, etc by two hospital nurses, Rose Blennerhassett and Lucy Sleeman.
260 ## - PUBLICATION, DISTRIBUTION, ETC. (IMPRINT)
Place of publication, distribution, etc London,
-- New York,
Name of publisher, distributor, etc Macmillan and Co.,
Date of publication, distribution, etc 1893.
300 ## - PHYSICAL DESCRIPTION
Extent xii, 340 p.
651 #0 - SUBJECT ADDED ENTRY--GEOGRAPHIC NAME
Geographic name Mashonaland East Province (Zimbabwe)
General subdivision Description and travel.
9 (RLIN) 9472
651 #0 - SUBJECT ADDED ENTRY--GEOGRAPHIC NAME
Geographic name Mashonaland West Province (Zimbabwe)
General subdivision Description and travel.
9 (RLIN) 9473
651 #0 - SUBJECT ADDED ENTRY--GEOGRAPHIC NAME
Geographic name Mashonaland Central Province (Zimbabwe)
General subdivision Description and travel.
9 (RLIN) 9474
700 1# - ADDED ENTRY--PERSONAL NAME
Personal name Sleeman, Lucy.
9 (RLIN) 9475
906 ## - LOCAL DATA ELEMENT F, LDF (RLIN)
a 7
b cbc
c oclcrpl
d u
e ncip
f 19
g y-gencatlg
942 ## - ADDED ENTRY ELEMENTS (KOHA)
Source of classification or shelving scheme Library of Congress Classification
Koha item type REFERENCE
Holdings
Withdrawn status Lost status Source of classification or shelving scheme Damaged status Not for loan Collection code Home library Current library Shelving location Date acquired Total Checkouts Full call number Barcode Date last seen Price effective from Koha item type
    Library of Congress Classification     SPECIAL Collection ARRUPE LIBRARY ARRUPE LIBRARY Main Collection 26/03/2014   SPC DT964.M3 B6 1893 46500001826 05/07/2018 26/03/2014 REFERENCE

 

Arrupe Library. PO Box MP320 Mt Pleasant, Harare, Zimbabwe
263 242 745411|librarian@aju.ac.zw